|
|
|
|
| LEADER |
01243nam a2200277 a 4500 |
| 001 |
2319245 |
| 008 |
091011s1980 nyua b 101 0 eng d |
| 010 |
|
|
|a 81124171
|
| 020 |
|
|
|a 0470270993
|
| 040 |
|
|
|a DLC
|c DLC
|d DLC
|
| 082 |
0 |
0 |
|a 339.5/2
|2 19
|
| 110 |
2 |
|
|a Colston Research Society.
|b Symposium
|n (31st :
|d 1979 :
|c University of Bristol)
|
| 245 |
1 |
0 |
|a Income distribution :
|b the limits to redistribution : proceedings of the thirty-first symposium of the Colston Research Society held in the University of Bristol, March 1979 /
|c editors, David Collard, Richard Lecomber, and Martin Slater.
|
| 260 |
|
|
|a New York :
|b Wiley,
|c c1980.
|
| 300 |
|
|
|a xi, 267 p. :
|b ill. ;
|c 25 cm.
|
| 490 |
0 |
|
|a Colston papers ;
|v v. 31
|
| 500 |
|
|
|a "A Halsted Press book."
|
| 504 |
|
|
|a Includes bibliographies and index.
|
| 541 |
1 |
|
|e 00004483
|
| 650 |
|
0 |
|a Income distribution
|x Congresses.
|
| 700 |
1 |
|
|a Collard, David A.
|
| 700 |
1 |
|
|a Lecomber, Richard.
|
| 700 |
1 |
|
|a Slater, Martin.
|
| 852 |
4 |
|
|a Ayesha Abed Library
|j General Shelf.
|
| 999 |
|
|
|c 4508
|d 4508
|
| 952 |
|
|
|0 0
|1 0
|2 ddc
|4 0
|6 339_520000000000000_COL_1980
|7 0
|9 4232
|a BRACUL
|b BRACUL
|c GEN
|d 2009-10-12
|g 0.00
|l 0
|o 339.52 COL
|p 3010004483
|r 2009-10-12
|t 1
|w 2009-10-12
|y BK
|x No price found in the accession register.
|